000 00731nam a2200289Ia 4500
005 20260324121305.0
008 008 260324s9999 xx 000 0 eng d
020 _a9780203097410
037 _aEBOOK
040 _aCRL
040 _beng
040 _cCRL
041 _2eng
041 _aeng
084 _qCRL
100 _aAvi Brisman; Nigel South
_91161939
245 0 _aGreen Cultural Criminology
245 0 _bConstructions of Environmental Harm, Consumerism, and Resistance to Ecocide
260 _bTaylor and Francis
260 _c2014
365 _a
365 _b230
856 _uhttp://www.taylorfrancis.com/books/9780203097410
942 _cEBOOK
999 _c1753953
_d1753953